| 000 | 00633nam a2200181 a 4500 | ||
|---|---|---|---|
| 001 | 000032640 | ||
| 005 | 20200930065742.0 | ||
| 008 | 100805s1979 dr 000 0 spa d | ||
| 040 |
_aDO-SdBNP _bspa _cBNPHU |
||
| 082 |
_a372.61 _bJ564l, |
||
| 100 | 1 |
_aJiminián de Moquete, Marcia, _958530 |
|
| 245 | 1 | 0 |
_aLengua española básica : _btécnicas de expresión / _cMarcia Jiminián de Moquete, Ma. Carmen Cot de Ureña. |
| 260 |
_aSanto Domingo : _bAmigo del Hogar, _c1979. |
||
| 300 |
_a163 p. ; _c28 cm. |
||
| 504 | _aBibliografía: p. 161 | ||
| 650 | 4 |
_aEspañol _xEnseñanza _9406 |
|
| 700 | 1 |
_aCot de Ureña, María del Carmen, _958531 |
|
| 999 |
_c32131 _d32131 |
||